00378pab a2200145 454500008004000000100001900040245007300059260000900132300000900141362000900150650002000159700001900179700002300198773001100221180718b1989 xxu||||| |||| 00| 0 eng d aMehta, Barjor, aBuilding reglation and low - income housingbA case study from India c1989 a50-8 aFeb. aHousing - India aPeter Nientied aBanashree C. Mitra aCities